Statistiken für Top 50 Marktwert der Premier League

Klicken Sie hier um das Quiz zu spielen!

Allgemein

  • Dieses Quiz wurde 222 mal gespielt
  • Das Durchschnittsergebnis liegt bei 28 aus 50

Antwortstatistiken

MarktwertVereinSpieler% Korrekt
180,00 Mio. €Manchester CityErling Haaland
99%
120,00 Mio. €FC ArsenalBukayo Saka
92%
110,00 Mio. €Manchester CityPhil Foden
91%
65,00 Mio. €FC LiverpoolMohamed Salah
89%
70,00 Mio. €Manchester CityKevin De Bruyne
86%
75,00 Mio. €Manchester CityJack Grealish
82%
90,00 Mio. €FC ArsenalMartin Ødegaard
82%
90,00 Mio. €Manchester CityRodri
80%
90,00 Mio. €FC ArsenalDeclan Rice
76%
50,00 Mio. €Tottenham HotspurHeung-min Son
76%
80,00 Mio. €Manchester CityRúben Dias
74%
80,00 Mio. €Manchester CityBernardo Silva
73%
80,00 Mio. €Manchester UnitedMarcus Rashford
73%
75,00 Mio. €Manchester UnitedBruno Fernandes
71%
75,00 Mio. €FC ArsenalGabriel Jesus
71%
80,00 Mio. €FC ArsenalGabriel Martinell
71%
55,00 Mio. €FC ArsenalKai Havertz
69%
65,00 Mio. €FC LiverpoolDarwin Núñez
68%
70,00 Mio. €Newcastle UnitedAlexander Isak
67%
80,00 Mio. €FC ChelseaEnzo Fernández
64%
75,00 Mio. €FC LiverpoolLuis Díaz
61%
65,00 Mio. €FC LiverpoolTrent Alexander-Arnold
61%
60,00 Mio. €Manchester CityJulián Álvarez
58%
55,00 Mio. €FC ChelseaRaheem Sterling
58%
65,00 Mio. €FC ArsenalWilliam Saliba
58%
75,00 Mio. €FC ChelseaMoisés Caicedo
56%
50,00 Mio. €FC ChelseaMykhaylo Mudryk
54%
75,00 Mio. €Manchester CityJosko Gvardio
50%
80,00 Mio. €FC ChelseaChristopher Nkunku
46%
45,00 Mio. €Manchester UnitedRasmus Højlund
46%
65,00 Mio. €FC LiverpoolAlexis Mac Allister
45%
50,00 Mio. €FC LiverpoolDiogo Jota
45%
50,00 Mio. €Aston VillaMoussa Diaby
41%
50,00 Mio. €Manchester UnitedLisandro Martínez
39%
55,00 Mio. €FC LiverpoolCody Gakpo
38%
65,00 Mio. €FC ChelseaReece James
38%
60,00 Mio. €Tottenham HotspurJames Maddison
37%
50,00 Mio. €FC LiverpoolDominik Szoboszlai
36%
48,00 Mio. €Tottenham HotspurRicharlison
36%
60,00 Mio. €Manchester UnitedAntony
35%
55,00 Mio. €FC ArsenalBen White
34%
60,00 Mio. €Tottenham HotspurCristian Romero
34%
50,00 Mio. €Tottenham HotspurDejan Kulusevski
34%
45,00 Mio. €Manchester UnitedJadon Sancho
33%
50,00 Mio. €Newcastle UnitedSandro Tonali
32%
70,00 Mio. €Newcastle UnitedBruno Guimarães
31%
60,00 Mio. €Manchester UnitedMason Mount
30%
45,00 Mio. €Newcastle UnitedSven Botman
25%
55,00 Mio. €FC ChelseaWesley Fofana
19%
55,00 Mio. €FC ArsenalGabriel Magalhães
8%

Verteilung der Resultate

Perzentil nach korrekt beantworteten Fragen

Anzahl Personen mit jedem Resultat

Ihre Resultats-Entwicklung

Sie haben dieses Quiz noch nicht gespielt